| 000 | 00465nam a2200121Ia 4500 | ||
|---|---|---|---|
| 008 | 220620s9999||||xx |||||||||||||| ||und|| | ||
| 100 | _aSchulz, Philipp | ||
| 245 | 0 |
_aMale Survivors of Wartime Sexual Violence _bPerspectives from Northern Uganda |
|
| 546 | _aEnglish[eng] | ||
| 650 | _aSocial Science||Sexual Abuse & Harassment||Social Science||Men's Studies | ||
| 856 | _uhttps://library.oapen.org/bitstream/20.500.12657/43337/1/external_content.epub | ||
| 942 | _cEB | ||
| 999 |
_c31358 _d31358 |
||